| 000 | 00983nam a2200253Ia 4500 | ||
|---|---|---|---|
| 003 | IN-BaIIA | ||
| 008 | 211028s9999 xx 000 0 eng d | ||
| 020 | _a1-58381-131-1 | ||
| 040 | _cIIA Library | ||
| 080 |
_a082.2:52 _bASP-288 |
||
| 111 |
_aWorkshop on Stellar Atmosphere Modeling _cGermany _d2002 Apr. 8-12 _928974 |
||
| 245 | 0 |
_aStellar atmosphere modeling _bproceedings of an International workshop held in Tubingen, Germany, 8-12 Apr 2002 _cedited by I. Hubeny, D. Mihalas and K. Werner |
|
| 260 |
_aSan Francisco _bAstronomical Society of the Pacific _c2003 |
||
| 300 | _axxv, 697p. | ||
| 490 | _aASP conference series; v. 288 | ||
| 650 |
_aCool stars _95425 |
||
| 650 |
_aRadiative transfer _91568 |
||
| 650 |
_aStellar atmosphere _91661 |
||
| 700 |
_a., ed. _928975 |
||
| 700 |
_aHubeny, I., ed. _917719 |
||
| 700 |
_aMihalas, D., ed. _912798 |
||
| 710 |
_aAstronomical Society of the PacificĀ _922919 |
||
| 942 | _cBK | ||
| 999 |
_c15717 _d15717 |
||